| 000 | 00890nam a2200301Ia 4500 | ||
|---|---|---|---|
| 001 | B3189 | ||
| 003 | IT-RoPAU | ||
| 008 | 130308s9999 xx 000 0 und d | ||
| 040 | _aIT-RoPAU | ||
| 040 | _cIT-RoPAU | ||
| 041 | _aFRANCESE | ||
| 100 | _aRothlisberger Henry | ||
| 100 | _gCodice Aut. SPICS: 37479 | ||
| 245 | _aCourbes et surfaces | ||
| 245 | _bInfographie et Applications | ||
| 250 | _a1a ed. | ||
| 260 | _aPARIS | ||
| 260 | _bMasson | ||
| 260 | _c1988 [1° Ed.:1988 - Ed.Ling.Originale:1988] | ||
| 300 | _a"78 p. (prefazione: no ; testo: 78 [pagine: 45-122])" | ||
| 500 | _aCurve e Superfici. Vettori. Circoli: Algoritmi di Michener. curve B/Spline. Beta/Splines. curve di Bezier. Superfici. programmi in Pascal. | ||
| 650 | _aTEORIA DELL'INFORMATICA | ||
| 650 | _eCodice materia Spics: 4203 | ||
| 942 | _cBK | ||
| 957 | _71 | ||
| 999 |
_c46449 _d46449 |
||
| 999 | _bSI | ||
| 999 | _g1 | ||